000 00569nam a2200193 4500
001 112032
003 ES-MaACL
005 20230906185418.0
007 t|
008 061121s1979 sp r ||||1| spa d
100 1 _aOrringer, Nelson R.
_987354
245 1 0 _aOrtega y sus fuentes germánicas /
_cNelson R. Orringer.
260 _aMadrid :
_bGredos,
_c1979.
300 _a375 p. ;
_c19 cm.
490 1 _aBiblioteca Hispánica de Filosofía
830 0 _aBiblioteca Hispánica de Filosofía
_9181000
852 _aES-MaACL
_jA-10813
_bR.99897
999 _c112032
_d112032